Online Catalogue and eLibrary

Jana wiwidhathvaya (Record no. 5149)

MARC details
000 -LEADER
fixed length control field 00454nam a2200157Ia 4500
005 - DATE AND TIME OF LATEST TRANSACTION
control field 20250613023931.0
008 - FIXED-LENGTH DATA ELEMENTS--GENERAL INFORMATION
fixed length control field 240331s9999 xx 000 0 und d
020 ## - INTERNATIONAL STANDARD BOOK NUMBER
ISBN 9789551468101
082 ## - DDC Classification
Item Number - Author Mark JAN
Class No. 307
100 ## - MAIN ENTRY--PERSONAL NAME
Personal name Rawaya. ed
245 #0 - TITLE STATEMENT
Title Jana wiwidhathvaya
260 ## - PUBLICATION, DISTRIBUTION, ETC.
Place of publication, distribution, etc. Maharagama
Name of publisher, distributor, etc. Ravaya Publishers
Date of publication, distribution, etc. 2007
300 ## - PHYSICAL DESCRIPTION
Extent (e.g. Volumes, Pages etc.) 230 p .,
500 ## - GENERAL NOTE
General note A profile of the origin, Evolution and current lifestyle of the ethnic groups of Sri Lanka
942 ## - Koha item type (Biblio)
Koha item type Books in Stacks (Lending)
Holdings
Lost status Damaged status Collection code Home library Current library Shelving location Date acquired Full call number Accession Number Item type
    Lending WERC Library WERC Library Social Science Cupboard 03/31/2024 307 JAN 6186 Books in Stacks (Lending)

© WERC Library